000 00534nam a2200181Ia 4500
008 140321s9999 xx 000 0 und d
020 _a9780737758955
050 _aHQ 1034.U5
_b.G393 2012
245 _aGay marriage /
_cedited by : Debra A. Miller.
260 _aDetroit :
_bGreenhaven Press,
_cc2012.
300 _a110 p. :
_c24 cm.
440 _a(At issue).
500 _aIncludes bibliographical references and index.
521 _aPSYCH
650 _aSame-sex marriage
_xUnited States.
942 _kFOR
_cBK
999 _c48689
_d48689